| 000 | 00565cam a22002051 4500 | ||
|---|---|---|---|
| 001 | sa 67002685 | ||
| 003 | DLC | ||
| 005 | 20260227112332.0 | ||
| 008 | 890617m19659999io 000 0 dut | ||
| 010 | _asa 67002685 | ||
| 035 | _a(OCoLC)23410504 | ||
| 040 |
_aDLC _cMiU _dDLC |
||
| 042 | _apremarc | ||
| 050 | 0 | 0 |
_aDK254.L3 _bA5912 |
| 100 | 1 |
_aLenin, Vladimir Ilʹich, _d1870-1924. |
|
| 240 | 0 | 0 |
_aWorks. _kSʼelections. _lIndonesian |
| 245 | 1 | 0 | _aGerakan pembebasan nasional di Timur |
| 260 |
_aDjakarta, _bJajasan "Pembaruan," _c1965- |
||
| 300 |
_a1 v. _c20 cm. |
||
| 999 |
_c73371 _d73371 |
||